| 000 | 00576nam a22001697a 4500 | ||
|---|---|---|---|
| 003 | OSt | ||
| 005 | 20250113075931.0 | ||
| 008 | 241106b |||||||| |||| 00| 0 eng d | ||
| 040 | _c0 | ||
| 082 | _aDPer050 M72 January-March 2018 v. 66 no. 8-10 | ||
| 100 |
_aVictoria, Pablo J. _eauthor. _963718 |
||
| 245 |
_aAn art Educator's life / _cPablo J. Victoria. |
||
| 260 |
_aPhilippines; _bPublishers Association of the Philippines, Inc., _cFebruary 2019. |
||
| 300 |
_aVolume 66, pages 331-334, _billustration. |
||
| 700 |
_aVictoria, Pablo J. _eauthor. _962255 |
||
| 942 |
_2ddc _cPER |
||
| 999 |
_c23064 _d23064 |
||